Obstetric imaging : (Record no. 171224)

MARC details
000 -LEADER
fixed length control field 01349nam a22003497a 4500
003 - CONTROL NUMBER IDENTIFIER
control field OSt
005 - DATE AND TIME OF LATEST TRANSACTION
control field 20250414160550.0
008 - FIXED-LENGTH DATA ELEMENTS--GENERAL INFORMATION
fixed length control field 250130b |||||||| |||| 00| 0 eng d
020 ## - INTERNATIONAL STANDARD BOOK NUMBER
International Standard Book Number 9780323445481 (hardcover)
040 ## - CATALOGING SOURCE
Original cataloging agency NUST
Language of cataloging eng
Transcribing agency NUST
Modifying agency NUST
Description conventions rda
050 ## - LIBRARY OF CONGRESS CALL NUMBER
Classification number RG628 OBS
245 ## - TITLE STATEMENT
Title Obstetric imaging :
Remainder of title fetal diagnosis and care /
Statement of responsibility, etc. edited by Joshua A Copel, Mary E D'Alton, Helen Feltovich, Eduard Gratacós, Deborah Krakow, Anthony O Odibo, Lawrence D and Platt Boris Tutschek.
250 ## - EDITION STATEMENT
Edition statement Second edition.
260 ## - PUBLICATION, DISTRIBUTION, ETC.
Place of publication, distribution, etc. Philadelphia, PA :
Name of publisher, distributor, etc. Elsevier,
Date of publication, distribution, etc. 2018.
300 ## - PHYSICAL DESCRIPTION
Extent xxvi, 745 pages :
Other physical details Illustrations ;
Dimensions 29 cm.
336 ## - CONTENT TYPE
Source rdamedia
Content type term text
Content type code txt
337 ## - MEDIA TYPE
Source rdamedia
Media type term unmediated
Media type code n
338 ## - CARRIER TYPE
Source rdamedia
Carrier type term volume
Carrier type code nc
504 ## - BIBLIOGRAPHY, ETC. NOTE
Bibliography, etc. note Includes bibliographical references and index.
650 ## - SUBJECT ADDED ENTRY--TOPICAL TERM
Form subdivision Congenital Abnormalities -- diagnostic imaging.
650 ## - SUBJECT ADDED ENTRY--TOPICAL TERM
Form subdivision Fetus -- abnormalities.
650 ## - SUBJECT ADDED ENTRY--TOPICAL TERM
Form subdivision Prenatal Diagnosis.
700 ## - ADDED ENTRY--PERSONAL NAME
Personal name Copel, Joshua A
Relator term Editor
700 ## - ADDED ENTRY--PERSONAL NAME
Personal name D'Alton, Mary E
Relator term Editor
700 ## - ADDED ENTRY--PERSONAL NAME
Personal name Feltovich, Helen
Relator term Editor
700 ## - ADDED ENTRY--PERSONAL NAME
Personal name Gratacós, Eduard
Relator term Editor
700 ## - ADDED ENTRY--PERSONAL NAME
Personal name Krakow, Deborah
Relator term Editor
700 ## - ADDED ENTRY--PERSONAL NAME
Personal name Odibo, Anthony O
Relator term Editor
700 ## - ADDED ENTRY--PERSONAL NAME
Personal name Platt, Lawrence D
Relator term Editor
700 ## - ADDED ENTRY--PERSONAL NAME
Personal name Tutschek, Boris
Relator term Editor
942 ## - ADDED ENTRY ELEMENTS (KOHA)
Source of classification or shelving scheme Library of Congress Classification
Koha item type Ordinary Loan Books
Edition Second edition.
Classification part RG628 OBS
Call number prefix RG
Call number suffix OBS
Suppress in OPAC No
Holdings
Withdrawn status Lost status Source of classification or shelving scheme Damaged status Not for loan Collection Home library Current library Shelving location Date acquired Source of acquisition Cost, normal purchase price Total Checkouts Full call number Barcode Date last seen Accession number Cost, replacement price Price effective from Koha item type Public note
    LCC     NFIC MEDICAL MEDICAL GEN 01/30/2025 Book Aid International 182.89   RG628 OBS 92004055808 01/30/2025 62207 182.89 01/30/2025 BOOKS Donation
    LCC     NFIC MEDICAL MEDICAL GEN 04/14/2025 Book Aid International 316.00   RG628 OBS 92004056564 04/14/2025 63100 316.00 04/14/2025 BOOKS Donation